000
00339nam a2200145Ia 4500
008
150201s2008 xx 000 0 und d
082
_a
611
_b
A08S
100
_a
SINGH INDERBIR
245
_a
ANATOMY & PHYSIOLOGY FOR NURSES
250
_a
2ND
260
_b
JAYPEE
_a
DELHI
_c
2008
300
_a
404
650
_a
ANATOMY
942
_2
ddc
_c
BK
_0
31
999
_c
2073
_d
2073